Jesus and Judaism
Guardat en:
| Autor principal: | |
|---|---|
| Format: | Llibre |
| Idioma: | anglès |
| Publicat: |
Fortress Press
1985
|
| Etiquetes: |
Afegir etiqueta
Sense etiquetes, Sigues el primer a etiquetar aquest registre!
|
MARC
| LEADER | 00000nam a22000007a 4500 | ||
|---|---|---|---|
| 008 | 201215b ||||| |||| 00| 0 eng d | ||
| 020 | |a ISBN: 0-8006-0743-0 | ||
| 100 | |a SANDERS, E. P. | ||
| 245 | |a Jesus and Judaism |c E. P. Sanders |g . xiv, 444p. | ||
| 260 | |b Fortress Press |c 1985 |h Philadelphia: |i 680914 |l BT590 .Sa49 |m Jesus Christ – Attitude towards Judaism | ||
| 500 | |a “It includes bibliography and index “ | ||
| 942 | |a lcc |c BK |e Olagoke,M A |f 15/12/2020 | ||
| 999 | |c 309 |d 309 | ||